<?xml version="1.0" encoding="UTF-8"?>
<record
    xmlns:xsi="http://www.w3.org/2001/XMLSchema-instance"
    xsi:schemaLocation="http://www.loc.gov/MARC21/slim http://www.loc.gov/standards/marcxml/schema/MARC21slim.xsd"
    xmlns="http://www.loc.gov/MARC21/slim">

  <leader>01785nam a2200361 a 4500</leader>
  <controlfield tag="001">BANH-74014</controlfield>
  <controlfield tag="003">AR-BaANH</controlfield>
  <controlfield tag="005">20260321064356.0</controlfield>
  <controlfield tag="008">180725s2011    ag ||||| |||||||||||spa|d</controlfield>
  <datafield tag="020" ind1=" " ind2=" ">
    <subfield code="a">9879161807 (obra completa)</subfield>
  </datafield>
  <datafield tag="020" ind1=" " ind2=" ">
    <subfield code="a">9789879161814 (v. I)</subfield>
  </datafield>
  <datafield tag="020" ind1=" " ind2=" ">
    <subfield code="a">9789873772016 (v. II)</subfield>
  </datafield>
  <datafield tag="020" ind1=" " ind2=" ">
    <subfield code="a">9789874012401 (v. III)</subfield>
  </datafield>
  <datafield tag="020" ind1=" " ind2=" ">
    <subfield code="a">9789874012999 v. IV)</subfield>
  </datafield>
  <datafield tag="040" ind1=" " ind2=" ">
    <subfield code="a">AR-BaANH</subfield>
    <subfield code="b">spa</subfield>
    <subfield code="c">AR-BaANH</subfield>
    <subfield code="d">AR-MoUNM</subfield>
  </datafield>
  <datafield tag="082" ind1="0" ind2="4">
    <subfield code="2">20</subfield>
    <subfield code="a">720.982</subfield>
    <subfield code="b">PATR 314</subfield>
  </datafield>
  <datafield tag="245" ind1="1" ind2="0">
    <subfield code="a">Patrimonio arquitect&#xF3;nico argentino :</subfield>
    <subfield code="b">memoria del bicentenario, 1810-2010 /</subfield>
    <subfield code="c">direcci&#xF3;n, Ram&#xF3;n Guti&#xE9;rrez ; Alberto Petrina.</subfield>
  </datafield>
  <datafield tag="260" ind1=" " ind2=" ">
    <subfield code="a">Buenos Aires :</subfield>
    <subfield code="b">Secretar&#xED;a de Cultura de la Presidencia de la Naci&#xF3;n,</subfield>
    <subfield code="c">2011.</subfield>
  </datafield>
  <datafield tag="300" ind1=" " ind2=" ">
    <subfield code="a">4 v. :</subfield>
    <subfield code="b">il. ;</subfield>
    <subfield code="c">32 cm.</subfield>
  </datafield>
  <datafield tag="505" ind1="0" ind2=" ">
    <subfield code="g">vol. 1.</subfield>
    <subfield code="t">Patrimonio arquitect&#xF3;nico argentino : memoria del bicentenario I (1810-1880).</subfield>
  </datafield>
  <datafield tag="505" ind1="0" ind2=" ">
    <subfield code="g">vol. 2.</subfield>
    <subfield code="t">Patrimonio arquitect&#xF3;nico argentino : memoria del bicentenario II (1880-1920). </subfield>
  </datafield>
  <datafield tag="505" ind1="0" ind2=" ">
    <subfield code="g">vol. 3.</subfield>
    <subfield code="t">Patrimonio arquitect&#xF3;nico argentino : memoria del bicentenario III  (1880-1920). </subfield>
  </datafield>
  <datafield tag="505" ind1="0" ind2=" ">
    <subfield code="g">vol. 4.</subfield>
    <subfield code="t">Patrimonio arquitect&#xF3;nico argentino : memoria del bicentenario IV  (1880-1920). </subfield>
  </datafield>
  <datafield tag="650" ind1=" " ind2="7">
    <subfield code="a">ARQUITECTURA</subfield>
    <subfield code="2">unescot</subfield>
    <subfield code="9">3268</subfield>
  </datafield>
  <datafield tag="650" ind1=" " ind2="7">
    <subfield code="2">unescot</subfield>
    <subfield code="a">PATRIMONIO CULTURAL</subfield>
    <subfield code="9">9066</subfield>
  </datafield>
  <datafield tag="651" ind1=" " ind2="7">
    <subfield code="2">unescot</subfield>
    <subfield code="a">ARGENTINA</subfield>
    <subfield code="9">2590</subfield>
  </datafield>
  <datafield tag="700" ind1="1" ind2=" ">
    <subfield code="a">Guti&#xE9;rrez, Ram&#xF3;n</subfield>
    <subfield code="9">8451</subfield>
    <subfield code="e">dir.</subfield>
  </datafield>
  <datafield tag="700" ind1="1" ind2=" ">
    <subfield code="a">Petrina, Alberto</subfield>
    <subfield code="9">23844</subfield>
    <subfield code="e">dir.</subfield>
  </datafield>
  <datafield tag="856" ind1=" " ind2=" ">
    <subfield code="b">Tomo I</subfield>
    <subfield code="u">https://www.argentina.gob.ar/sites/default/files/tomo1-cepan.pdf</subfield>
    <subfield code="y">Acceda a la publicaci&#xF3;n</subfield>
  </datafield>
  <datafield tag="856" ind1=" " ind2=" ">
    <subfield code="b">Tomo II - parte 1</subfield>
    <subfield code="u">https://www.argentina.gob.ar/sites/default/files/tomo2-cepan.pdf</subfield>
    <subfield code="y">Acceda a la publicaci&#xF3;n</subfield>
  </datafield>
  <datafield tag="856" ind1=" " ind2=" ">
    <subfield code="b">Tomo II - parte 2</subfield>
    <subfield code="u">https://www.argentina.gob.ar/sites/default/files/tomo2-2-cepan.pdf</subfield>
    <subfield code="y">Acceda a la publicaci&#xF3;n</subfield>
  </datafield>
  <datafield tag="942" ind1=" " ind2=" ">
    <subfield code="c">LIBRO</subfield>
  </datafield>
  <datafield tag="999" ind1=" " ind2=" ">
    <subfield code="c">20440</subfield>
    <subfield code="d">20441</subfield>
  </datafield>
  <datafield tag="952" ind1=" " ind2=" ">
    <subfield code="0">0</subfield>
    <subfield code="1">0</subfield>
    <subfield code="4">0</subfield>
    <subfield code="7">0</subfield>
    <subfield code="a">UNM</subfield>
    <subfield code="b">UNM</subfield>
    <subfield code="d">2025-02-13</subfield>
    <subfield code="e">Donaci&#xF3;n Comisi&#xF3;n Nacional de Museos y de Monumentos y Lugares Hist&#xF3;ricos</subfield>
    <subfield code="i">26910</subfield>
    <subfield code="l">2</subfield>
    <subfield code="m">4</subfield>
    <subfield code="o">720.982 PATR 314 v1</subfield>
    <subfield code="p">26910</subfield>
    <subfield code="r">2026-05-08 09:33:31</subfield>
    <subfield code="s">2026-03-25</subfield>
    <subfield code="t">Ej. C</subfield>
    <subfield code="w">2025-02-13</subfield>
    <subfield code="y">LIBRO</subfield>
  </datafield>
  <datafield tag="952" ind1=" " ind2=" ">
    <subfield code="0">0</subfield>
    <subfield code="1">0</subfield>
    <subfield code="4">0</subfield>
    <subfield code="7">0</subfield>
    <subfield code="a">UNM</subfield>
    <subfield code="b">UNM</subfield>
    <subfield code="d">2025-02-13</subfield>
    <subfield code="e">Donaci&#xF3;n Comisi&#xF3;n Nacional de Museos y de Monumentos y Lugares Hist&#xF3;ricos</subfield>
    <subfield code="i">26911</subfield>
    <subfield code="l">0</subfield>
    <subfield code="o">720.982 PATR 314 v2</subfield>
    <subfield code="p">26911</subfield>
    <subfield code="r">2025-02-13 00:00:00</subfield>
    <subfield code="t">Ej. C</subfield>
    <subfield code="w">2025-02-13</subfield>
    <subfield code="y">LIBRO</subfield>
  </datafield>
  <datafield tag="952" ind1=" " ind2=" ">
    <subfield code="0">0</subfield>
    <subfield code="1">0</subfield>
    <subfield code="4">0</subfield>
    <subfield code="7">0</subfield>
    <subfield code="a">UNM</subfield>
    <subfield code="b">UNM</subfield>
    <subfield code="d">2025-02-13</subfield>
    <subfield code="e">Donaci&#xF3;n Comisi&#xF3;n Nacional de Museos y de Monumentos y Lugares Hist&#xF3;ricos</subfield>
    <subfield code="i">26912</subfield>
    <subfield code="l">1</subfield>
    <subfield code="m">2</subfield>
    <subfield code="o">720.982 PATR 314 v3</subfield>
    <subfield code="p">26912</subfield>
    <subfield code="r">2025-04-29 00:00:00</subfield>
    <subfield code="s">2025-03-25</subfield>
    <subfield code="t">Ej. C</subfield>
    <subfield code="w">2025-02-13</subfield>
    <subfield code="y">LIBRO</subfield>
  </datafield>
  <datafield tag="952" ind1=" " ind2=" ">
    <subfield code="0">0</subfield>
    <subfield code="1">0</subfield>
    <subfield code="4">0</subfield>
    <subfield code="7">0</subfield>
    <subfield code="a">UNM</subfield>
    <subfield code="b">UNM</subfield>
    <subfield code="d">2025-02-13</subfield>
    <subfield code="e">Donaci&#xF3;n Comisi&#xF3;n Nacional de Museos y de Monumentos y Lugares Hist&#xF3;ricos</subfield>
    <subfield code="i">26913</subfield>
    <subfield code="l">2</subfield>
    <subfield code="m">6</subfield>
    <subfield code="o">720.982 PATR 314 v4</subfield>
    <subfield code="p">26913</subfield>
    <subfield code="r">2025-11-25 14:35:22</subfield>
    <subfield code="s">2025-10-07</subfield>
    <subfield code="t">Ej. C</subfield>
    <subfield code="w">2025-02-13</subfield>
    <subfield code="y">LIBRO</subfield>
  </datafield>
</record>
